[Event "Aragon-ch Seniors-B"]
[Site "Zaragoza"]
[Date "2017.06.03"]
[Round "7"]
[White "Otal Bornau, Jose Miguel"]
[Black "Burillo Lazaro, Amelia"]
[Result "0-1"]
[WhiteElo "1493"]
[BlackElo "1387"]
[PlyCount "84"]
[EventDate "2017.04.22"]
[EventType "swiss"]
[EventRounds "8"]
[EventCountry "ESP"]
[SourceTitle "EXT 2019"]
[Source "ChessBase"]
[SourceDate "2018.10.10"]
[SourceVersion "1"]
[SourceVersionDate "2018.10.10"]
[SourceQuality "1"]

1. e4 g6 2. d4 Bg7 3. Nc3 d6 4. Be3 Nd7 5. h4 c6 6. Qd2 e5 7. f3 h5 8. 0-0-0 a6 9. Nge2 b5 10. Ng3 Ne7 11. Nge2 Nb6 12. b3 b4 13. Nb1 a5 14. c4 bxc3 15. Nexc3 a4 16. b4 a3 17. d5 0-0 18. Bh6 Qc7 19. Bxg7 Kxg7 20. Qc2 c5 21. Nb5 Qd7 22. bxc5 dxc5 23. Qxc5 Na4 24. Qb4 Bb7 25. d6 Rfc8+ 26. Nc7 Ba6 27. Nc3 Qc6 28. Kc2 Nxc3 29. Qxc3 Qa4+ 30. Kc1 Nc6 31. Rd2 Nd4 32. d7 Qxd7 33. Bxa6 Rxa6 34. Kd1 Rxc7 35. Qd3 Qa4+ 36. Ke1 Rc1+ 37. Rd1 Rxd1+ 38. Qxd1 Qxd1+ 39. Kxd1 Rb6 40. Kd2 Rb2+ 41. Kc3 Rxa2 42. Rb1 Rc2+ 0-1

[Event "Aragon-ch Seniors-B"]
[Site "Zaragoza"]
[Date "2017.04.29"]
[Round "2"]
[White "Burillo Lazaro, Amelia"]
[Black "Lorente Latorre, Antonio"]
[Result "0-1"]
[WhiteElo "1387"]
[BlackElo "1609"]
[PlyCount "74"]
[EventDate "2017.04.22"]
[EventType "swiss"]
[EventRounds "8"]
[EventCountry "ESP"]
[SourceTitle "EXT 2019"]
[Source "ChessBase"]
[SourceDate "2018.10.10"]
[SourceVersion "1"]
[SourceVersionDate "2018.10.10"]
[SourceQuality "1"]

1. Nf3 Nf6 2. d4 g6 3. c4 Bg7 4. Nc3 0-0 5. e4 d6 6. Be2 Nbd7 7. Bf4 c5 8. e5 dxe5 9. dxe5 Ng4 10. h3 Ngxe5 11. 0-0 Nc6 12. a3 a6 13. Qd2 Nd4 14. Nxd4 cxd4 15. Nd5 e5 16. Bh6 Nc5 17. Bxg7 Kxg7 18. Qb4 Ne6 19. f4 a5 20. Qe7 Qxe7 21. Nxe7 Nxf4 22. Bf3 Rb8 23. Rad1 Be6 24. Nd5 Bxd5 25. cxd5 Rfd8 26. Rfe1 f6 27. Rd2 Nxd5 28. Rc2 d3 29. Rc5 d2 30. Re4 b6 31. Rc6 Nf4 32. Rc7+ Kg8 33. Bd1 Rbc8 34. Rec4 Rxc7 35. Rxc7 e4 36. Kf2 Rd3 37. Bb3+ Rxb3 0-1